Show me the money (Record no. 76715)
[ view plain ]
| 000 -LEADER | |
|---|---|
| fixed length control field | 00923cab a2200181 4500 |
| 001 - CONTROL NUMBER | |
| control field | ##L132957 |
| 008 - FIXED-LENGTH DATA ELEMENTS--GENERAL INFORMATION | |
| fixed length control field | 060327n2006 000 0 eng u |
| 035 ## - SYSTEM CONTROL NUMBER | |
| System control number | (Sirsi) u132957 |
| 041 0# - LANGUAGE CODE | |
| Language code of text/sound track or separate title | eng |
| 100 1# - MAIN ENTRY--PERSONAL NAME | |
| Personal name | Martin, Joe |
| 245 00 - TITLE STATEMENT | |
| Title | Show me the money |
| 260 ## - PUBLICATION, DISTRIBUTION, ETC. | |
| Date of publication, distribution, etc. | 2006 |
| 490 #0 - SERIES STATEMENT | |
| Series statement | RICS Building Surveying Faculty The Journal |
| Volume/sequential designation | March / April 2006, 17(1) |
| 520 ## - SUMMARY, ETC. | |
| Summary, etc. | BCIS has produced an updated version of the "Housing repair cost guide" (ISBN 1904829295) which provides initial guidance on current levels of cost for a range of typical building works that may be carried out to comply with the findings from a homebuyers report. It provides information necessary to price a defect or repair to both external and internal parts of a building, together with external works and drainage. |
| 590 ## - LOCAL NOTE (RLIN) | |
| Local note | IKA280306 |
| 690 ## - LOCAL SUBJECT ADDED ENTRY--TOPICAL TERM (OCLC, RLIN) | |
| Topical term or geographic name as entry element | BUILT ENVIRONMENT-BUILDING MAINTENANCE AND REFURBISHMENT-MAINTENANCE COSTS |
| 942 ## - ADDED ENTRY ELEMENTS (KOHA) | |
| Suppress in OPAC | 0 |
| Withdrawn status | Lost status | Source of classification or shelving scheme | Damaged status | Not for loan | Home library | Current library | Shelving location | Date acquired | Total Checkouts | Full call number | Barcode | Date last seen | Copy number | Price effective from | Koha item type |
|---|---|---|---|---|---|---|---|---|---|---|---|---|---|---|---|
| Dewey Decimal Classification | London | London | Journal article | 27/03/2006 | L132957 | 132957-1001 | 06/08/2019 | 1 | 06/08/2019 | Journal article |